| 000 | 00553nam a2200193Ia 4500 | ||
|---|---|---|---|
| 003 | GCL | ||
| 008 | 140319s9999 xx 000 0 ara d | ||
| 040 |
_aGCL / _cGCL |
||
| 082 | 0 | 4 |
_a414.5 _bى ب |
| 100 | 1 | _aمصطفى الصاوى الجوينى | |
| 245 | 1 | 0 |
_aالبديع فى علم البديع / _cمصطفى الصاوى الجوينى |
| 700 | 1 | _aيحيى بن معطى | |
| 300 | _a198 ص | ||
| 490 | _a | ||
| 650 | 0 | 4 | _aاللغة العربية |
| 650 | 0 | 4 | _aالبلاغة العربية |
| 650 | 0 | 4 | _aالبديع |
| 942 |
_2ddc _cBK |
||
| 999 |
_c41992 _d41992 |
||